'Southern' Europe and Beyond in the Mediterranean : Critical Essays on Adult Learning and Education /
This book covers different aspects of Adult Learning and Education in the Mediterranean. It provides an analytic overview of provision in 'North' Mediterranean (including 'East' Mediterranean) and 'South' Mediterranean and adopts a Critical Education/Pedagogy Perspectiv...
Main Author:
Format: eBook
Language: English
Published:
Leiden ; Boston :
Brill,
2026.
Series:
Educational Research E-Books Online, Collection 2026
International Issues in Adult Education ;
37.
Subjects:
Online Access: Login to view Source
Tags: Add Tag
Call Number: LA227.3
| LEADER | 02603nam a22004938i 4500 | ||
|---|---|---|---|
| 001 | BRILL9789004751194 | ||
| 003 | nllekb | ||
| 005 | 20260324115021.0 | ||
| 006 | m d | ||
| 007 | cr un uuuua | ||
| 008 | 251119s2026 gw sb 001 0 eng d | ||
| 020 | |a 9789004751194 |q (electronic book) | ||
| 020 | |z 9789004751187 |q (print) | ||
| 024 | 7 | |a 10.1163/9789004751194 |2 DOI | |
| 040 | |a NL-LeKB |c NL-LeKB |e rda | ||
| 041 | |a eng | ||
| 050 | 4 | |a LA227.3 | |
| 072 | 7 | |a EDU |x 000000 |2 bisacsh | |
| 072 | 7 | |a JN |2 bicssc | |
| 082 | 0 | 4 | |a 378/.012/0973 |
| 100 | 1 | |a Mayo, Peter, |e author. | |
| 245 | 1 | 0 | |a 'Southern' Europe and Beyond in the Mediterranean : |b Critical Essays on Adult Learning and Education / |c Peter Mayo. |
| 246 | 3 | |a Critical Essays on Adult Learning and Education | |
| 264 | 1 | |a Leiden ; |a Boston : |b Brill, |c 2026. | |
| 264 | 4 | |c ©2026 | |
| 300 | |a 1 online resource (174 pages) : |b illustrations. | ||
| 336 | |a text |b txt |2 rdacontent | ||
| 337 | |a computer |b c |2 rdamedia | ||
| 338 | |a online resource |2 rdacarrier | ||
| 490 | 1 | |a Educational Research E-Books Online, Collection 2026 | |
| 490 | 1 | |a International Issues in Adult Education ; |v 37 | |
| 504 | |a Includes bibliographical references and index. | ||
| 520 | |a This book covers different aspects of Adult Learning and Education in the Mediterranean. It provides an analytic overview of provision in 'North' Mediterranean (including 'East' Mediterranean) and 'South' Mediterranean and adopts a Critical Education/Pedagogy Perspective predicated on Gramscian and Freirean lenses. In addition, the book provides in depth chapters on ALE in Palestine (two chapters), in Italy, Portugal and Spain and also on Migration. It concludes with an inter-ethic vision for ALE for a society, not as it is, but as it can be: A genuinely inclusive multi-ethnic society where Conflict and Difference are faced in a spirit of democratic renewal and not antagonism. ALE has a part to play here. | ||
| 546 | |a English | ||
| 588 | |a Description based on print version record. | ||
| 650 | 0 | |a Adult Education. | |
| 650 | 0 | |a Culture & Education. | |
| 650 | 0 | |a Education Policy & Politics. | |
| 650 | 0 | |a Education. | |
| 776 | 0 | 8 | |i Print version: |t 'Southern' Europe and Beyond in the Mediterranean : Critical Essays on Adult Learning and Education. |d Leiden ; Boston : Brill, 2026. |z 9789004751187 |w (OCoLC)1538483610 |
| 830 | 0 | |a Educational Research E-Books Online, Collection 2026 | |
| 830 | 0 | |a International Issues in Adult Education ; |v 37. | |
| 856 | 4 | |z DOI: |u http://dx.doi.org/10.1163/9789004751194 | |
| 999 | |c 61929 |d 61929 | ||
